000 00686cam a2200217 4500
001 ABS62929
008 000000n2000 000 0 eng u
035 _a(Sirsi) u108507
100 _aHutton, M.
245 _aLiving off the land
260 _c2000
490 _aTaxation
_v145(3774) 14 September 2000, 618-621(4)
520 _aInvestigates the impact of the tax regime on agricultural tenancies. Covers inheritance tax, capital gains tax and VAT.
590 _aABS
650 _aPROPERTY-LANDLORD AND TENANT-TENANCIES-AGRICULTURAL TENANCIES
650 _aINHERITANCE TAX
650 _aCAPITAL GAINS TAX
650 _aVALUE ADDED TAX
690 _aTAXATION
942 _n0
999 _c64790
_d64790